Najwięcej "trójek" w historii NBA - Statystyki

Ogólne statystyki
  • Ten quiz został rozwiązany 69 razy
  • Średni wynik to 6 z 15
Statystyki odpowiedzi
Hint Odpowiedź % Poprawnych
4058 Stephen Curry
98%
2559 LeBron James
88%
3175 James Harden
77%
2191 Kevin Durant
65%
2697 Klay Thompson
61%
2973 Ray Allen
60%
2560 Reggie Miller
44%
2804 Damian Lillard
42%
2450 Kyle Korver
25%
2290 Vince Carter
16%
2205 Kyle Lowry
14%
2349 Paul George
14%
2221 Jamal Crawford
4%
2282 Jason Terry
4%
2143 Paul Pierce
4%
Nie znaleziono quizów pasujących do podanych kryteriów
Rozkład punktacji
Procent ludzi z każdym wynikiem
Percentyl według liczby udzielonych odpowiedzi
Twoja historia wyników
Nie rozwiązałeś tego quizu